|
|
|
|
| LEADER |
01932pam a22004457a 4500 |
| 001 |
AALProQuestebook000021 |
| 003 |
BD-DhAAL |
| 005 |
20230911111019.0 |
| 006 |
m||||||||d|||||||| |
| 007 |
cr|||||||||||| |
| 008 |
220102t20152015nyua\\\\ob\\\\001\0\eng\d |
| 020 |
|
|
|a 9780230391970 (e-book)
|
| 035 |
|
|
|a (MiAaPQ)EBC4762748
|
| 035 |
|
|
|a (Au-PeEL)EBL4762748
|
| 035 |
|
|
|a (CaPaEBR)ebr11313712
|
| 035 |
|
|
|a (CaONFJC)MIL976553
|
| 035 |
|
|
|a (OCoLC)966512530
|
| 040 |
|
|
|a MiAaPQ
|b eng
|c MiAaPQ
|d MiAaPQ
|d BD-DhAAL
|
| 050 |
|
|
|a JZ5588.
|b J378 2015
|
| 082 |
|
|
|a 355.033
|2 23
|
| 100 |
|
|
|a Jarvis, Lee,
|d author.
|9 43885
|
| 245 |
|
|
|a Security
|h [electronic resource] :
|b a critical introduction /
|c Lee Jarvis and Jack Holland.
|
| 260 |
|
|
|a New York, New York :
|b Palgrave Macmillan,
|c c2015
|
| 300 |
|
|
|a 1 online resource (297 pages) :
|b illustrations.
|
| 500 |
|
|
|a <strong>Off-Campus Access:</strong> Athens ID and Password Required
|
| 500 |
|
|
|a <strong>On-Campus Access:</strong> No User ID or Password Required
|
| 500 |
|
|
|a Access type: Perpetual access for 1 users
|
| 504 |
|
|
|a Includes bibliographical references and index.
|
| 526 |
|
|
|a ARC
|x Dr. Imon Chowdhooree
Assistant Professor
|
| 538 |
|
|
|a Mode of access: Internet
|
| 541 |
|
|
|a ProQuest
|h USD 189.95
|
| 650 |
|
|
|a Security, International.
|9 43886
|
| 655 |
|
|
|a Electronic books.
|
| 700 |
|
|
|a Holland, Jack,
|e author.
|9 43888
|
| 710 |
|
|
|a ProQuest (Firm).
|9 43898
|
| 852 |
|
|
|a Ayesha Abed Library
|
| 856 |
|
|
|z Full text available on ProQuest
|u https://ebookcentral.proquest.com/lib/bracu/detail.action?docID=4762748
|
| 942 |
|
|
|2 ddc
|c EBK
|
| 999 |
|
|
|c 43388
|d 43388
|
| 952 |
|
|
|0 0
|1 0
|2 ddc
|4 0
|6 355_033000000000000_JAR
|7 0
|9 69645
|a BRACUL
|b BRACUL
|d 2022-01-02
|e ProQuest
|g 16280.22
|l 0
|o 355.033 JAR
|r 2022-01-02
|t 1
|w 2022-01-02
|y EBK
|x As discussed with Acquisition team, according to invoice date (23.12.2021) of the ebook, converted USD 189.95 to BDT16,280.22.
|